Song Lyrics: Missing Word - Animals - Statistics

General Stats
  • This quiz has been taken 62 times
  • The average score is 7 of 20
Answer Stats
Song Title/Artist Song Lyric % Correct
See You Later Alligator (Bill Haley and his Comets) "See you later alligator, in a while {crocodile}"
93%
My Favourite Things (from The Sound Of Music) "Rain drops on roses and whiskers on {kittens}"
80%
Hound Dog (Elvis Presley) "Well, you ain't never caught a {rabbit}"
67%
Birdhouse In Your Soul (They Might Be Giants) "Say I'm the only {bee} in your bonnet"
62%
The Streak (Ray Stevens) "Nekkid as a {jay} bird"
53%
Oh What A Beautiful Morning (from 'Oklahoma') "The corn is as high as an {elephant}'s eye"
49%
Mack The Knife (Bobby Darin) "Oh, the {shark}, babe, has such teeth, dear"
47%
Summertime (from Porgy and Bess) "{Fish} are jumpin' and the cotton is high"
44%
A Windmill in Old Amsterdam (Ronnie Hilton) "A little {mouse} with clogs on"
38%
Being For The Benefit Of Mr Kite (Beatles) "And of course Henry The {Horse} dances a waltz"
36%
Africa (Toto) "The wild {dogs} cry out in the night"
35%
Smells Like Teen Spirit (Nirvana) "A mulatto, an albino, a {mosquito}, my libido"
25%
Life On Mars (David Bowie) "That Mickey Mouse has grown up a {cow}"
25%
The Lovecats (Cure) "We move like cagey {tigers} Oh, we couldn't get closer than this"
25%
Jungle Rock (Hank Mizell) "The {fox} grabbed the rabbit and they hit the bunny hug"
18%
Riders On The Storm (Doors) "His brain is squirmin' like a {toad}"
16%
Rockin' Robin (Bobby Day/Jackson 5) "He out-bopped the {buzzard} and the oriole"
13%
Jeepster (T.Rex) "I'll call you {Jaguar}, If I may be so bold"
9%
Search and Destroy (Stooges) "I'm a street walking {cheetah} with a heart full of napalm"
7%
Rock Lobster (B-52's) "Here comes a {stingray} There goes a manta-ray"
4%
No matching quizzes found
Score Distribution
Percent of People with Each Score
Percentile by Number Answered
Your Score History
You have not taken this quiz